| 000 | 00627nam a22002057a 4500 | ||
|---|---|---|---|
| 005 | 20150902125912.0 | ||
| 010 | _aENG-113204 | ||
| 020 |
_a9788187134022 _c695.00 |
||
| 020 |
_a818713402x _c695.00 |
||
| 035 | _aEN-96736 | ||
| 037 | _bDBAD/PUB | ||
| 082 | _a510.82 | ||
| 100 | _aKar, B. K. | ||
| 245 |
_aAn introduction to modern analysis / _cby B.K. Kar |
||
| 260 |
_aKolkata _bNew Central Book Agency _c2013 |
||
| 270 |
_a8/1 Chintamoni Das Lane, _bKolkata _e700009 |
||
| 300 |
_aV.1(xxi,1123p.) _c25cm(pbk) |
||
| 500 | _aIncludes bibliographical references and index | ||
| 942 |
_2ddc _cEN _mKAR _h510.82 |
||
| 999 |
_c93838 _d93838 |
||